30 personnages de série TV en images - 02 - Statistiques

Statistiques générales
  • Ce quiz a été pris 125 fois
  • Le résultat moyen est 15 sur 30
Statistiques - réponses
Par images Réponse % Correct
Lucifer Morningstar
82%
Maggie Simpson
79%
Gregory House
78%
Buffy Summers
75%
Dexter Morgan
75%
Jon Snow
71%
Meredith Grey
71%
Walter White - Eisenberg
70%
Monkey D. Luffy
68%
Ross Geller
67%
Arthur Pendragon
64%
Dewey Wilkerson
57%
Sheldon Cooper
57%
Eric Cartman
54%
Susan Mayer
52%
Negan
48%
Barney Stinson
43%
Laura Ingalls
43%
Fran Fine
40%
Angus MacGyver
37%
Enid Sinclair
34%
Thomas Magnum
34%
Peter Griffin
32%
Michael Scott
31%
Jinx - Powder
28%
Dana Scully
27%
Billy Butcher
26%
Jack Bauer
18%
Hugo "Hurley" Reyes
17%
June Osborne
9%
Aucun quiz correspondant
Distribution des résultats
% des personnes avec chaque résultat
Percentile par nombre de réponses
Votre historique - résultats
Vous n’avez pas pris ce quiz